[Event "Brasschaat op 05th"]
[Site "Brasschaat"]
[Date "2005.08.28"]
[Round "9"]
[White "Van der Voort, Patrick"]
[Black "Corman, Henri"]
[Result "1/2-1/2"]
[WhiteElo "1555"]
[BlackElo "1555"]
[PlyCount "43"]
[EventDate "2005.08.20"]
[EventType "swiss"]
[EventRounds "9"]
[EventCountry "BEL"]
[SourceTitle "CBM 108 Extra"]
[Source "ChessBase"]
[SourceDate "2005.11.04"]
[SourceVersion "1"]
[SourceVersionDate "2005.11.04"]
[SourceQuality "1"]

1. d4 e6 2. c4 f5 3. g3 Nf6 4. Bg2 c6 5. Nc3 Bb4 6. Nf3 Bxc3+ 7. bxc3 0-0 8. 0-0 Ne4 9. Qd3 d5 10. cxd5 cxd5 11. Ne5 Nd7 12. Nxd7 Bxd7 13. f3 Nf6 14. Bg5 g6 15. c4 Qe8 16. Rab1 Bc6 17. Rfc1 h6 18. Bxf6 Rxf6 19. cxd5 exd5 20. Rb2 Rc8 21. Rcc2 Bb5 22. Qd2 1/2-1/2

[Event "Brasschaat op 05th"]
[Site "Brasschaat"]
[Date "2005.08.27"]
[Round "8"]
[White "Corman, Henri"]
[Black "Maas, Luc"]
[Result "1/2-1/2"]
[WhiteElo "1555"]
[BlackElo "1383"]
[PlyCount "66"]
[EventDate "2005.08.20"]
[EventType "swiss"]
[EventRounds "9"]
[EventCountry "BEL"]
[SourceTitle "CBM 108 Extra"]
[Source "ChessBase"]
[SourceDate "2005.11.04"]
[SourceVersion "1"]
[SourceVersionDate "2005.11.04"]
[SourceQuality "1"]

1. e4 e5 2. Nf3 d6 3. d4 Nd7 4. dxe5 dxe5 5. Bc4 h6 6. 0-0 Ngf6 7. Re1 Be7 8. Nbd2 c6 9. b3 Qc7 10. Bb2 Bd6 11. a3 Nf8 12. h3 Ng6 13. Be2 Be6 14. Bc4 Nf4 15. Bxe6 fxe6 16. Nc4 0-0-0 17. Nxd6+ Rxd6 18. Qc1 Rd4 19. Qe3 c5 20. Nxd4 cxd4 21. Qd2 g5 22. Rac1 h5 23. Bxd4 Ng4 24. f3 exd4 25. fxg4 hxg4 26. Qxd4 Nxh3+ 27. gxh3 Qg3+ 28. Kf1 Qf4+ 29. Ke2 Qf3+ 30. Kd2 Rd8 31. Qxd8+ Kxd8 32. hxg4 Qxg4 33. Rcd1 Kc7 1/2-1/2